Family literacy: a global approach to lifelong learning: effective practices in family literacy and intergenerational learning around the world (Record no. 62986)

MARC details
000 -LEADER
fixed length control field 01212nam a2200205 a 4500
008 - FIXED-LENGTH DATA ELEMENTS--GENERAL INFORMATION
fixed length control field 130826s2008 ||||||||||||||||| || u
020 ## - INTERNATIONAL STANDARD BOOK NUMBER
International Standard Book Number 9789282011577
050 ## - LIBRARY OF CONGRESS CALL NUMBER
Classification number UNESCO(02)2008/1
110 ## - MAIN ENTRY--CORPORATE NAME
Corporate name or jurisdiction name as entry element United Nations Educational, Scientific and Cultural Organization (UNESCO)
245 10 - TITLE STATEMENT
Title Family literacy: a global approach to lifelong learning: effective practices in family literacy and intergenerational learning around the world
Statement of responsibility, etc. By United Nations Education, Scientific and Cultural Organization (UNESCO)
260 ## - PUBLICATION, DISTRIBUTION, ETC.
Place of publication, distribution, etc. Hamburg:
Name of publisher, distributor, etc. United Nations Educational, Scientific and Cultural Organization (UNESCO)
Date of publication, distribution, etc. 2008
300 ## - PHYSICAL DESCRIPTION
Extent 56p.: ill.
650 ## - SUBJECT ADDED ENTRY--TOPICAL TERM
Topical term or geographic name entry element LIFELONG LEARNING
650 ## - SUBJECT ADDED ENTRY--TOPICAL TERM
Topical term or geographic name entry element LITERACY PROGRAMS
650 ## - SUBJECT ADDED ENTRY--TOPICAL TERM
Topical term or geographic name entry element EDUCATION
650 ## - SUBJECT ADDED ENTRY--TOPICAL TERM
Topical term or geographic name entry element LITERACY--SOCIAL ASPECTS
995 ## -
-- SPECIAL COLLECTIONS
-- 1156
-- CBU-MAIN LIBRARY (Kitwe)
-- UNESCO(02)2008/1C
-- 3
-- AVAILABLE
-- Dec 6, 2013
-- B1156
-- International Publications
995 ## -
-- SPECIAL COLLECTIONS
-- 1154
-- CBU-MAIN LIBRARY (Kitwe)
-- UNESCO(02)2008/1A
-- 1
-- AVAILABLE
-- Dec 6, 2013
-- B1154
-- International Publications
995 ## -
-- SPECIAL COLLECTIONS
-- 1155
-- CBU-MAIN LIBRARY (Kitwe)
-- UNESCO(02)2008/1B
-- 2
-- AVAILABLE
-- Dec 6, 2013
-- B1155
-- International Publications
999 ## -
-- 62986
-- 62986
Holdings
Withdrawn status Lost status Source of classification or shelving scheme Damaged status Not for loan Permanent Location Current Location Shelving location Date acquired Total Checkouts Full call number Barcode Date last seen Price effective from Koha item type
          CBU-MAIN LIBRARY, KITWE. CBU-MAIN LIBRARY, KITWE.   12/16/2022   UNESCO(02)2008/1 B1156 12/16/2022 12/16/2022 MONOGRAPH
          CBU-MAIN LIBRARY, KITWE. CBU-MAIN LIBRARY, KITWE.   12/16/2022   UNESCO(02)2008/ B1154 12/16/2022 12/16/2022 MONOGRAPH
          CBU-MAIN LIBRARY, KITWE. CBU-MAIN LIBRARY, KITWE.   12/16/2022   UNESCO(02)2008/ B1155 12/16/2022 12/16/2022 MONOGRAPH